Music Quiz

Random Music Quiz
Score 0/298 Timer 10:00
0 Plays Today
Answer % Correct
settle
95.2%
settle
95.2%
settle
95.2%
down
94.4%
down,
94.4%
down!
94.4%
Do
94.4%
down!
94.4%
down
94.4%
down
94.4%
down!
94.4%
you
92.1%
You
92.1%
you
92.1%
you
92.1%
you
92.1%
you
92.1%
You
92.1%
you
92.1%
you
92.1%
you
92.1%
You
92.1%
you
92.1%
you
92.1%
out
91.3%
loud,
91.3%
out
91.3%
loud,
91.3%
out
91.3%
loud,
91.3%
A
90.5%
to
90.5%
the
90.5%
And,
90.5%
a
90.5%
to
90.5%
the
90.5%
And
90.5%
and
90.5%
And
90.5%
to
90.5%
A
90.5%
the
90.5%
a
90.5%
the
90.5%
the
90.5%
And
90.5%
the
90.5%
and
90.5%
and
90.5%
90.5%
to
90.5%
90.5%
A
90.5%
the
90.5%
And,
90.5%
a
90.5%
to
90.5%
the
90.5%
90.5%
And
90.5%
and
90.5%
And
90.5%
90.5%
to
90.5%
For
89.7%
For
89.7%
For
89.7%
We
88.9%
we
88.9%
We
88.9%
We
88.9%
your
88.1%
your
88.1%
crying
88.1%
Your
88.1%
crying
88.1%
Your
88.1%
your
88.1%
your
88.1%
crying
88.1%
Your
88.1%
know
87.3%
my
87.3%
my
87.3%
mouth
87.3%
so
87.3%
know
87.3%
my
87.3%
my
87.3%
mouth
87.3%
know
87.3%
my
87.3%
my
87.3%
mouth
87.3%
be
86.5%
be
86.5%
with
86.5%
with
86.5%
be
86.5%
Answer % Correct
with
86.5%
be
86.5%
be
86.5%
with
86.5%
I
85.7%
I
85.7%
I
85.7%
I
85.7%
can't
85.7%
house
85.7%
I
85.7%
I
85.7%
I
85.7%
I
85.7%
I
85.7%
I
85.7%
can't
85.7%
house
85.7%
I
85.7%
I
85.7%
I
85.7%
I
85.7%
I
85.7%
can't
85.7%
house
85.7%
I
85.7%
sound
84.9%
sound
84.9%
sound
84.9%
soft
84.1%
soft
84.1%
soft
84.1%
what
82.5%
now
82.5%
found
82.5%
back
82.5%
Now
82.5%
What
82.5%
what
82.5%
now?
82.5%
found
82.5%
back
82.5%
Now
82.5%
what
82.5%
now
82.5%
found
82.5%
back
82.5%
Now
82.5%
face
81.7%
let
81.7%
get
81.7%
get
81.7%
face
81.7%
get
81.7%
get
81.7%
face
81.7%
let
81.7%
get
81.7%
she
80.2%
she
80.2%
her
79.4%
hair
79.4%
her
79.4%
all
79.4%
around
79.4%
all
79.4%
around
79.4%
hair
79.4%
all
79.4%
around
79.4%
around
79.4%
her
79.4%
hair
79.4%
her
79.4%
all
79.4%
around
79.4%
you're
78.6%
you're
78.6%
You're
78.6%
You're
78.6%
you're
78.6%
you're
78.6%
seem
77.8%
over
77.8%
place
77.8%
learn
77.8%
over
77.8%
place
77.8%
learn
77.8%
learn
77.8%
seem
77.8%
over
77.8%
place
77.8%
learn
77.8%
don't
77%
any
77%
me
77%
me
77%
don't
77%
any
77%
Answer % Correct
me
77%
having
76.2%
having
76.2%
effect
75.4%
guess
75.4%
never
75.4%
stay
75.4%
myself
75.4%
guess
75.4%
never
75.4%
stay
75.4%
myself
75.4%
effect
75.4%
guess
75.4%
never
75.4%
stay
75.4%
myself
75.4%
in
74.6%
about
74.6%
or
74.6%
or
74.6%
in
74.6%
about
74.6%
or
74.6%
bodies
73.8%
I'll
73.8%
bodies
73.8%
I'll
73.8%
bodies
73.8%
I'll
73.8%
just
73%
just
73%
just
73%
Covering
72.2%
up
72.2%
talking
72.2%
hour
72.2%
two
72.2%
hour
72.2%
two
72.2%
Covering
72.2%
up
72.2%
talking
72.2%
hour
72.2%
two
72.2%
mean
71.4%
another
70.6%
familiar
70.6%
cold
70.6%
another
70.6%
another
70.6%
way
69.8%
way
69.8%
small
69%
town
69%
burn
69%
words
67.5%
speaking
67.5%
stop
67.5%
that
67.5%
stop
67.5%
words
67.5%
speaking
67.5%
stop
67.5%
wears
66.7%
wears
66.7%
We're
65.9%
We're
65.9%
I'm
65.1%
I'm
65.1%
Falling
63.5%
hands,
63.5%
hands,
63.5%
Falling
63.5%
hands,
63.5%
walking
62.7%
Avoiding
61.1%
Avoiding
61.1%
Avoiding
61.1%
pushing
58.7%
through
58.7%
sure
57.9%
on
56.3%
turn
55.6%
turn
55.6%
girl
53.2%
people
51.6%
Cause
51.6%
Cause
51.6%
losing
50%
losing
50%
Cause
50%
losing
50%
losing
50%
I'd
46%
fixated
43.7%
dictating
41.3%
into
15.9%
Remove Ads.
Support Sporcle.
Get the best of Sporcle when you Go Orange. This ad-free experience offers more features, more stats, and more fun while also helping to support Sporcle. Thank you for becoming a member.

You're not logged in!

Compare scores with friends on all Sporcle quizzes.
OR
Log In

Show Comments

Extras

Created Dec 15, 2018ReportNominate
Tags:1975, Down, The 1975

Top Quizzes Today


Score Distribution

Your Account Isn't Verified!

In order to create a playlist on Sporcle, you need to verify the email address you used during registration. Go to your Sporcle Settings to finish the process.

Report this User

Report this user for behavior that violates our Community Guidelines.

Details: